<?xml version="1.0" encoding="UTF-8"?>
<collection xmlns="http://www.loc.gov/MARC21/slim">
 <record>
  <leader>01359nam a22002531  4500</leader>
  <controlfield tag="001">1/46756</controlfield>
  <controlfield tag="008">161104b        xxr             1   eng  </controlfield>
  <datafield tag="035" ind1=" " ind2=" ">
   <subfield code="l">49735</subfield>
  </datafield>
  <datafield tag="040" ind1=" " ind2=" ">
   <subfield code="a">DLC</subfield>
   <subfield code="b">GR-PeUP</subfield>
  </datafield>
  <datafield tag="090" ind1=" " ind2=" ">
   <subfield code="a">623.817 SEM</subfield>
  </datafield>
  <datafield tag="100" ind1="1" ind2=" ">
   <subfield code="a">Semyonov-Tyan-Shansky, V.</subfield>
  </datafield>
  <datafield tag="245" ind1="1" ind2="0">
   <subfield code="a">Statics and Dynamics of the Ship :</subfield>
   <subfield code="b">theory of buoyancy, stability and launching /</subfield>
   <subfield code="c">by V. Semyonov -Tyan - Shansky; translated from the Russian by Maria Konyaeva.</subfield>
  </datafield>
  <datafield tag="260" ind1=" " ind2=" ">
   <subfield code="a">Moscow :</subfield>
   <subfield code="b">Mir/ Peace ,</subfield>
   <subfield code="c">[1966].</subfield>
  </datafield>
  <datafield tag="300" ind1=" " ind2=" ">
   <subfield code="a">587 p. :</subfield>
   <subfield code="b">fig. + 3 charts;</subfield>
   <subfield code="c">22 cm.</subfield>
  </datafield>
  <datafield tag="500" ind1=" " ind2=" ">
   <subfield code="a">Title page in Russian.</subfield>
  </datafield>
  <datafield tag="505" ind1="0" ind2=" ">
   <subfield code="a">Contents. Buoyancy. Stability at large inclinations. Some problems of Buoyancy and stability. Insubmersibility. Launching. Appendix I: approximations used in calculations of buoyancy and stability. Appendix II: calculations of buoyancy and initial stability. Appendix III: calculations of stability at large inclinations. Appendix IV: flooding calculations. Appendix V: launching calculations. Appendix VI: experimental investigations.</subfield>
  </datafield>
  <datafield tag="504" ind1=" " ind2=" ">
   <subfield code="a">Includes index</subfield>
  </datafield>
  <datafield tag="650" ind1=" " ind2="4">
   <subfield code="a">Naval architecture.</subfield>
  </datafield>
  <datafield tag="650" ind1=" " ind2="4">
   <subfield code="a">Statics.</subfield>
  </datafield>
  <datafield tag="650" ind1=" " ind2="4">
   <subfield code="a">Dynamics.</subfield>
  </datafield>
  <datafield tag="650" ind1=" " ind2="4">
   <subfield code="a">Stability of ships.</subfield>
  </datafield>
  <datafield tag="650" ind1=" " ind2="4">
   <subfield code="a">Ναυπηγική τεχνολογία-</subfield>
   <subfield code="x">Δομική θεωρία.</subfield>
  </datafield>
  <datafield tag="700" ind1="1" ind2=" ">
   <subfield code="a">Konyaeva, Maria.</subfield>
  </datafield>
  <datafield tag="852" ind1=" " ind2=" ">
   <subfield code="a">INST</subfield>
   <subfield code="b">UNIPILB</subfield>
   <subfield code="c">MAIN</subfield>
   <subfield code="e">20161104</subfield>
   <subfield code="h">623.817 SEM</subfield>
   <subfield code="p">00176393</subfield>
   <subfield code="q">00176393</subfield>
   <subfield code="t">LOAN</subfield>
   <subfield code="y">0</subfield>
   <subfield code="4">1</subfield>
  </datafield>
 </record>
</collection>
